| 000 | 00921nac a22002171u 4500 | ||
|---|---|---|---|
| 008 | 100228t xxu||||| |||| 00| 0 eng d | ||
| 010 | _a 2004063103 | ||
| 020 | _a027369586X (pbk. : alk. paper) | ||
| 035 | _a(OCoLC)ocm57002659 | ||
| 082 | 0 | 0 |
_a658 _bB6318 |
| 100 |
_aBoddy, David. _912030 |
||
| 245 | 1 | 0 |
_aManagement : _bAn Introduction / _cDavid Boddy. |
| 250 | _a3rd ed. | ||
| 260 |
_aHarlow : _bFinancial Times Prentice Hall,2005 _c2005. |
||
| 300 |
_axxi, 727 p. : _bcol. ill. ; _c27 cm. |
||
| 504 | _aIncludes bibliographical references (p. 701-713) and index. | ||
| 650 | 0 |
_aManagement. _912031 |
|
| 942 |
_cBB _k658B6318 _2ddc |
||
| 999 |
_c2271 _d2271 |
||